| 000 | 00614nam a2200205 a 4500 | ||
|---|---|---|---|
| 001 | 000003664 | ||
| 005 | 20240412074201.0 | ||
| 008 | 090713s2007 dr r 000 j spa d | ||
| 020 | _a9789945161519 | ||
| 040 |
_aDO-SdBNP _bspa _cBNPHU |
||
| 082 |
_aRD863.5 _bR466t |
||
| 100 | 1 |
_aReynoso, Menoscal _941 |
|
| 245 | 1 | 0 |
_aTribus de hielo : _b(relatos) / _cMenoscal Reynoso. |
| 260 |
_aSanto Domingo : _bBúho, _c2007. |
||
| 300 |
_a127 p. ; _c23 cm. |
||
| 590 | _aInventariado, 2019/VM | ||
| 650 | 0 |
_aCuentos dominicanos _9176 |
|
| 650 | 0 |
_aLiteratura dominicana. _967 |
|
| 910 | _aValidado. Control de calidad MMOLINA | ||
| 999 |
_c3487 _d3487 |
||